Nutrition for a changing world
Tallennettuna:
| Päätekijä: | |
|---|---|
| Aineistotyyppi: | Kirja |
| Kieli: | englanti |
| Julkaistu: |
W.H. Freeman
2019
|
| Tagit: |
Lisää tagi
Ei tageja, Lisää ensimmäinen tagi!
|
MARC
| LEADER | 00000nam a22000007a 4500 | ||
|---|---|---|---|
| 008 | 230613b |||||||| |||| 00| 0 eng d | ||
| 020 | |a 9781319148676 | ||
| 100 | |a POPE, Jamie |a Nizielski, Steven | ||
| 245 | |a Nutrition for a changing world |c Jamie Pope, Steven Nizielski |g xxxiii, 553p;ill | ||
| 250 | |b 2nd | ||
| 260 | |b W.H. Freeman |c 2019 |h New York |i 699657 |i 699658 |l RA784.P78 |m Nutrition |m Food Habits | ||
| 500 | |a Includes bibliographical references and index | ||
| 942 | |a lcc |c BK |e Johnson |f 13/06/23 | ||
| 952 | |0 0 |1 0 |2 lcc |4 0 |6 RA0784 P78 |7 0 |9 4237 |a HE |b HOL |c QZ |d 2023-06-13 |l 0 |o RA784.P78 |p 2023-0166 |r 2023-06-13 00:00:00 |t 699657 |w 2023-06-13 |y BK | ||
| 952 | |0 0 |1 0 |2 lcc |4 0 |6 RA0784 P78 |7 0 |9 4238 |a HOL |b HOL |c QZ |d 2023-06-13 |l 0 |o RA784.P78 |p 2023-0167 |r 2023-06-13 00:00:00 |t 699658 |w 2023-06-13 |y BK | ||
| 999 | |c 2127 |d 2127 | ||